Kirkleavington, near Yarm in Cleveland (Record no. 116623)

MARC details
000 -LEADER
fixed length control field 00710cam a22001935a 4500
001 - CONTROL NUMBER
control field L141150
008 - FIXED-LENGTH DATA ELEMENTS--GENERAL INFORMATION
fixed length control field 071031s1811 xxk eng u
035 ## - SYSTEM CONTROL NUMBER
System control number (Sirsi) u141150
041 0# - LANGUAGE CODE
Language code of text/sound track or separate title eng
245 00 - TITLE STATEMENT
Title Kirkleavington, near Yarm in Cleveland
Remainder of title to be sold by auction on Thursday the 21st day of November 1811 at 2 o'clock in the afternoon, at the Black Lion in Stockton-Upon-Tees...
260 ## - PUBLICATION, DISTRIBUTION, ETC.
Place of publication, distribution, etc. Stockton
Name of publisher, distributor, etc. Christopher and Jennett
Date of publication, distribution, etc. 1811
300 ## - PHYSICAL DESCRIPTION
Extent 2 leaves
Other physical details 33 x 20 cm.
340 ## - PHYSICAL MEDIUM
Material base and configuration Printed
351 ## - ORGANIZATION AND ARRANGEMENT OF MATERIALS
Hierarchical level Single item
500 ## - GENERAL NOTE
General note Presented by C. L. Smith.
651 4# - SUBJECT ADDED ENTRY--GEOGRAPHIC NAME
Geographic name Yorkshire
Chronological subdivision 1888-
690 ## - LOCAL SUBJECT ADDED ENTRY--TOPICAL TERM (OCLC, RLIN)
Topical term or geographic name as entry element PROPERTY-PROPERTY ACQUISITION AND DISPOSAL-ACQUISITION AND DISPOSAL AT AUCTION
942 ## - ADDED ENTRY ELEMENTS (KOHA)
Suppress in OPAC 0
Holdings
Withdrawn status Lost status Source of classification or shelving scheme Damaged status Not for loan Home library Current library Shelving location Date acquired Total Checkouts Full call number Barcode Date last seen Copy number Price effective from Koha item type
    Dewey Decimal Classification     London London Basement 31/10/2007   BASEMENT BOX 5 141150-1001 06/08/2019 1 06/08/2019 Archive